Регионална библиотека "Любен Каравелов" - Русе

Лечебните и магически свойства на кристалите (Запис номер 169553)

MARC детайли
000 -Лидер
Контролно поле с фиксирана дължина 01470nam a2200349 c 4500
003 - Код на организацията, давaща контролен номер
Контролно поле BLK
005 - Дата и час на последна редакция
Контролно поле 20180422114329.0
008 - Елементи от данни с фиксирана дължина
fixed length control field 180411b bul|||||r ||||||| ||bul||
010 ## - Наследен системен номер
LC control number KNG00177567000
020 ## - Международен стандартен номер на книга ISBN
Международен стандартен номер на книга ISBN 978-619-153-044-1
-- издат.: Паритет
040 ## - Източник на каталожния запис
Идентификатор на билиотеката - собственик на записа BLK
041 ## - Код за език
Код за езика на текст/звукозапис или на отделно заглавие Български
Код за езика КДБФ Български
072 #7 - Код за тематичната категория
Код организация bullib
Код за тематична категория Н61
Текст Медицина Н
080 ## - УДК
Текстов определител УДК Други видове терапия. Биоенерготерапия.
УДК код - определител по УДК 615.85
УДК определител :548
УДК - код + определител 615.85:548
100 1# - Редна дума - Автор
Автор Киврин, Владимир Илич
Авторска отговорност първи автор
R(LIN) 78533
139 ## - Редно поле
Редна дума Киврин, Владимир Илич
Авторски знак Кес - К 53
245 10 - Сведения за заглавието
Заглавие Лечебните и магически свойства на кристалите
Редно поле (дума) Владимир Илич Киврин; прев. от рус. Петя Талева.
257 ## - Страна на издаване
Страна на създаване/издаване Русия
260 ## - Област на издателските данни
-- София
Име на издателя, разпространителя и проч. Паритет
Година на издаване 2014
Печатница София : Анториери
300 ## - Физическа характеристика
Страници 167с.
Размери/Мащаб 20 см
380 ## - Жанр
Жанр Медицина
500 ## - Общи забележки
Забележка Ориг. загл.: Лечебные и магические свойства кристаллов / В. Киврин
650 #4 - Допълнително описание по предмет – тема
Основно описание – тема или топоним Кристали - въздействие
9 (RLIN) 257609
653 ## - Ключова дума – ненормативна
Ключова дума кристалотерапия
659 ## - Тематичен бюлетин
Тематичен бюлетин Н
700 1# - Други автори (авторска отговорност)
Лично име Талева, Петя
Автороска отговорност (Описва отношението между автора и произведението) прев. от рус.
9 (RLIN) 367647
852 ## - Местоположение
Форматна сигнатура Цб 275160
856 4# - Електронен адрес и достъп
Електронен формат pdf - файл
Път до файла /url/
856 4# - Електронен адрес и достъп
Електронен формат pdf - файл
Път до файла /url/
942 ## - АРТИКУЛИ
Вид на библиотечния материал Книги
Скрит в OPAC Не
944 ## - СЪЗДАВАНЕ И РЕДАКЦИЯ на ЗАПИСА
Създаване/Редакция Създаване
Дата на регистрацията/редакция 01.07.2015
Служител, извършил регистрацията/редакцията Виолета_Тройчева
944 ## - СЪЗДАВАНЕ И РЕДАКЦИЯ на ЗАПИСА
Създаване/Редакция Редакция
Дата на регистрацията/редакция 12.11.2015
Служител, извършил регистрацията/редакцията Наталия_Медовщикова
999 ## - СИСТЕМНИ КОНТРОЛНИ НОМЕРА
Koha biblionumber 169553
Koha biblioitemnumber 169553
Наличности
Код за отписване Код за изгубен артикул Код за повреда Коз за рестрикции Код за отдаване Артикулен № Име на библиотеката - собственик Име на библиотеката, в която се намира в момента Статус (Текущо местоположение) Дата на вписване в системата Местоположение - отдел Цена в лева Инвентарен номер Систематично азбучна сигнатура Баркод Номер на екземпляра Цена в евро Служебна бележка Служебен тип на артикула
  Не е изгубен Не е повреден без рестрикции ползва се в читалня 286669 Регионална библиотека "Любен Каравелов" Русе Регионална библиотека "Любен Каравелов" Русе Хранилище 2015-06-30 Хранилище 8.99 120000789596 Цб 275160 120000789596 1 4.60 Дост: Dp Вид: Д N: 7 Дата: 06.02.2015 Книги
Vip Innovations Ltd, Rousse, Bulgaria 2025